Elvis' Christmas Album (1957) Track List - Statistics

General Stats
  • This quiz has been taken 12 times
  • The average score is 6 of 12
Answer Stats
Track Answer % Correct
5A Blue Christmas
100%
4A I'll Be Home for Christmas
70%
2A White Christmas
70%
2B Silent Night
60%
1A Santa Claus Is Back In Town
50%
4B I Believe
40%
6B It Is No Secret (What God Can Do)
40%
1B O Little Town of Bethlehem
40%
6A Santa Bring My Baby Back (To Me)
40%
3B (There'll Be) Peace In the Valley (For Me)
40%
3A Here Comes Santa Claus (Right Down Santa Claus Lane)
30%
5B Take My Hand, Precious Lord
30%
No matching quizzes found
Score Distribution
Percent of People with Each Score
Percentile by Number Answered
Your Score History
You have not taken this quiz